Obchod a investície - aktuálne otázky a ich význam pre ekonomiku Slovenska

Analýza aktuálneho stavu v oblasti obchodu a investícií vo svetovej ekonomike. Význam a riziká preferenčných obchodných dohôd. Problematika obchodu a investícií v podmienkach slovenskej ekonomiky.

Na minha lista:
Detalhes bibliográficos
Autor principal: Línerová, Zuzana
Outros Autores: Líner, Martin
Formato: Capítulo de Livro
Idioma:eslovaco
Assuntos:
Tags: Adicionar Tag
Sem tags, seja o primeiro a adicionar uma tag!

MARC

LEADER 00000naa$a2200000$$$4500
001 0034753
005 20240502071445.6
041 0 |a slo 
044 |a SK 
245 1 0 |a Obchod a investície - aktuálne otázky a ich význam pre ekonomiku Slovenska  |c Zuzana Línerová, Martin Líner 
520 |a Analýza aktuálneho stavu v oblasti obchodu a investícií vo svetovej ekonomike. Význam a riziká preferenčných obchodných dohôd. Problematika obchodu a investícií v podmienkach slovenskej ekonomiky. 
610 2 0 |a investície 
610 2 0 |a obchod 
610 2 0 |a dohody obchodné medzinárodné 
610 2 0 |a Slovensko 
100 1 |a Línerová, Zuzana 
700 1 |a Líner, Martin